Network analysis (Record no. 177972)

000 -LEADER
fixed length control field 01173 a2200205 4500
003 - CONTROL NUMBER IDENTIFIER
control field Nust
005 - DATE AND TIME OF LATEST TRANSACTION
control field 20170207152908.0
010 ## - LIBRARY OF CONGRESS CONTROL NUMBER
LC control number 73012705
020 ## - INTERNATIONAL STANDARD BOOK NUMBER
International Standard Book Number 0136110959
040 ## - CATALOGING SOURCE
Transcribing agency Nust
082 00 - DEWEY DECIMAL CLASSIFICATION NUMBER
Classification number 621.3192
100 1# - MAIN ENTRY--PERSONAL NAME
Personal name Van Valkenburg, M. E.
245 10 - TITLE STATEMENT
Title Network analysis
Statement of responsibility, etc. [by] M. E. Van Valkenburg.
250 ## - EDITION STATEMENT
Edition statement 3rd ed.
260 ## - PUBLICATION, DISTRIBUTION, ETC.
Place of publication, distribution, etc. Englewood Cliffs, N.J.,
Name of publisher, distributor, etc. Prentice-Hall
Date of publication, distribution, etc. [1974]
300 ## - PHYSICAL DESCRIPTION
Extent xv, 571 p.
Other physical details illus.
Dimensions 25 cm.
505 ## - FORMATTED CONTENTS NOTE
Formatted contents note Development of the Circuit Concept (Page-1) Conventions for Describing Networks (Page-34) Network Equations (Page-50) First-order Differential Equations (Page-99) Initial Conditions in Networks (Page-118) Differential Equations Continued (Page-139) The Laplace Transformation (Page-170) Transforms of Other Signal Waveforms (Page-202) Impedance Functions and Network Theorems (Page-242) Network Functions Poles and Zeros (Page-279) Two-Port Parameters (Page-325) Sinusoidal Steady State Analysis (Page-351) Frequency Response Plots (Page-)372 Input Power Transfer and Insertions Loss (Page-419) Fourier Integral and Continuous Spectra (Page-490)
538 ## - SYSTEM DETAILS NOTE
System details note Almirah No.31 Shelf No.6
650 #0 - SUBJECT ADDED ENTRY--TOPICAL TERM
Topical term or geographic name entry element Electric network analysis.
942 ## - ADDED ENTRY ELEMENTS (KOHA)
Source of classification or shelving scheme
Koha item type Book
Holdings
Withdrawn status Lost status Source of classification or shelving scheme Damaged status Not for loan Collection code Permanent Location Current Location Date acquired Total Checkouts Full call number Barcode Date last seen Price effective from Koha item type
            Military College of Signals (MCS) Military College of Signals (MCS) 12/12/2016   621.3192 VAL MCS36398 12/08/2016 12/12/2016 Book
            Military College of Signals (MCS) Military College of Signals (MCS) 12/12/2016   621.3192 VAL MCS36679 12/08/2016 12/12/2016 Book
© 2023 Central Library, National University of Sciences and Technology. All Rights Reserved.